Suits Quiz. - Statistics

General Stats
  • This quiz has been taken 1,018 times
  • The average score is 8 of 15
Answer Stats
Hint Answer % Correct
Which university does Mike pretend he went to? Harvard
88%
Which family member is Mike close to who dies in the show? Grandmother
87%
Who is the managing partner at the very start of the show? Jessica
83%
Who is Rachel's Father? Robert
74%
What was the name of Mike's best friend? Trevor
72%
What is Mike's second name? Ross
70%
What is Louis's catchphrase? Litt up
64%
Where does Jessica go to in the later seasons? Chicago
61%
Which character is played by David Costabile? (Full Name) Daniel Hardman
48%
What do Samantha and Harvey both do? (Activity) Boxing
41%
What is Harvey's brother name? Marcus
39%
What is the name of the character from England that Donna sleeps with in season 2? (First Name) Stephen
39%
What activity is Mike scared of doing that Louis teaches him how to do? Drive
34%
Why does Harold look at porn? Looking for a tattoo
21%
What is Harvey's second name? Spencer
7%
No matching quizzes found
Score Distribution
Percent of People with Each Score
Percentile by Number Answered
Your Score History
You have not taken this quiz